Visualizzazione normale
Vista MARC
di Personal Name
Records bibliografici associati: 31
001 - CONTROL NUMBER
- control field: 21
003 - CONTROL NUMBER IDENTIFIER
- control field: IT-RoPau
005 - DATE AND TIME OF LATEST TRANSACTION
- control field: 20121109103728.0
008 - FIXED-LENGTH DATA ELEMENTS
- fixed length control field: 121109|| aca||aabn | a|a d
040 ## - CATALOGING SOURCE
- Original cataloging agency: IT-RoPau
- Transcribing agency: IT-RoPau
100 ## - HEADING--PERSONAL NAME
- Personal name:
- Fuller form of name: ssp
670 ## - SOURCE DATA FOUND
- Source citation: Work cat.: (IT-RoPau): Alberione, Giacomo ssp, Oportet orare, 1937